Sentino - DGAP - Statystyki

Ogólne statystyki
  • Ten quiz został rozwiązany 66 razy
  • Średni wynik to 11 z 21
Statystyki odpowiedzi
Numer Tytuł % Poprawnych
9 Loewe
83%
20 Zdrowia
83%
1 OG
72%
3 Fenomen
69%
14 Legend
69%
18 Wilk
69%
21 Skarb
66%
15 Minion
59%
17 Cyrk
52%
6 Kosmita
52%
2 Crashout
48%
16 Headcase
48%
5 Limuzyna
48%
13 Obcy
48%
11 Aspołeczne Ambicje
45%
19 Prototyp
45%
10 Artyzm
38%
12 Backdoor
38%
4 Passport
38%
7 Hologram
34%
8 Provident
34%
Nie znaleziono quizów pasujących do podanych kryteriów
Rozkład punktacji
Procent ludzi z każdym wynikiem
Percentyl według liczby udzielonych odpowiedzi
Twoja historia wyników
Nie rozwiązałeś tego quizu